Tanzania Main Statistical Tables: (Record no. 6905)
[ view plain ]
| 000 -LEADER | |
|---|---|
| fixed length control field | 00472nam a22001097a 4500 |
| 008 - FIXED-LENGTH DATA ELEMENTS--GENERAL INFORMATION | |
| fixed length control field | 200403b ||||| |||| 00| 0 eng d |
| 245 ## - TITLE STATEMENT | |
| Title | Tanzania Main Statistical Tables: |
| Remainder of title | Selected from National, Regional and District Profiles 2002 Population and Housing Census/ |
| Statement of responsibility, etc. | Ministry of Planning, Economy and Empowerment.- |
| Medium | English. |
| 260 ## - PUBLICATION, DISTRIBUTION, ETC. (IMPRINT) | |
| Place of publication, distribution, etc. | Dar Es Salaam: |
| Name of publisher, distributor, etc. | National Bureau of Statistics, |
| Date of publication, distribution, etc. | 2006. |
| 300 ## - PHYSICAL DESCRIPTION | |
| Extent | xiii, 503p; |
| Other physical details | Tables, |
| Dimensions | 30cm.- |
| 650 ## - SUBJECT ADDED ENTRY--TOPICAL TERM | |
| Source of heading or term | CENSUS |
| 942 ## - ADDED ENTRY ELEMENTS (KOHA) | |
| Source of classification or shelving scheme | |
| Koha item type | BOOKS |
| Withdrawn status | Lost status | Source of classification or shelving scheme | Damaged status | Not for loan | Home library | Current library | Date acquired | Total Checkouts | Barcode | Date last seen | Price effective from | Koha item type |
|---|---|---|---|---|---|---|---|---|---|---|---|---|
| Mwanza | Mwanza | 03/04/2020 | 10000002446 | 03/04/2020 | 03/04/2020 | BOOKS | ||||||
| Mwanza | Mwanza | 03/04/2020 | 10000002447 | 03/04/2020 | 03/04/2020 | BOOKS | ||||||
| Mwanza | Mwanza | 03/04/2020 | 10000002448 | 03/04/2020 | 03/04/2020 | BOOKS |